| 000 | 00692cam a22002411 4500 | ||
|---|---|---|---|
| 001 | sa 67004267 | ||
| 003 | DLC | ||
| 005 | 20260227112345.0 | ||
| 008 | 860305s1965 ii ab 000 0 eng | ||
| 010 | _asa 67004267 | ||
| 025 | _aPL480:I-E-7000 | ||
| 035 | _a(OCoLC)13242057 | ||
| 040 |
_aDLC _cCLU _dDLC |
||
| 042 | _apremarc | ||
| 050 | 0 | 0 |
_aDS486.K335 _bR6 |
| 100 | 1 | _aRoy, Sita Ram. | |
| 245 | 1 | 0 | _aKarian excavations, 1955. |
| 260 |
_aPatna, _bKashi Prasad Jayaswal Research Institute, _c1965. |
||
| 300 |
_a34 p. _billus., fold. map. _c25 cm. |
||
| 490 | 1 |
_aHistorical research series, _vv. 5 |
|
| 651 | 0 |
_aKarian _xAntiquities. |
|
| 830 | 0 |
_aHistorical researches series ; _vv. 5. |
|
| 999 |
_c74347 _d74347 |
||